000 00271nam a22001337a 4500
008 170921b xxu||||| |||| 00| 0 eng d
020 _a0890095760
041 _aeng
080 _a78
100 _a45
101 _aMUZ
245 _aOPERA
_cHARTMANN,R
942 _2udc
_cBK
999 _c28778
_d28778